MAASAI MARA UNIVERSITY

LIBRARY CATALOGUE

Contact Us: +254 020 2685356/7 or 0774 057787

Box: 861-20500, NAROK, KENYA

Email: info@mmarau.ac.ke

Myths from Mesopotamia : (Record no. 25888)

MARC details
000 -LEADER
fixed length control field 01301cam a2200337 a 4500
001 - CONTROL NUMBER
control field 14082544
003 - CONTROL NUMBER IDENTIFIER
control field OSt
005 - DATE AND TIME OF LATEST TRANSACTION
control field 20170518103930.0
008 - FIXED-LENGTH DATA ELEMENTS--GENERAL INFORMATION
fixed length control field 050822s2000 enkab b 000 0 eng
010 ## - LIBRARY OF CONGRESS CONTROL NUMBER
LC control number 2005280227
020 ## - INTERNATIONAL STANDARD BOOK NUMBER
International Standard Book Number 0192835890 (pbk.)
040 ## - CATALOGING SOURCE
Original cataloging agency MMU
Transcribing agency eng
Modifying agency MMU
Language of cataloging eng
041 1# - LANGUAGE CODE
Language code of text/sound track or separate title eng
Language code of original akk
043 ## - GEOGRAPHIC AREA CODE
Geographic area code a-iq---
050 00 - LIBRARY OF CONGRESS CALL NUMBER
Classification number BL1620
Item number .M98 2000
082 00 - DEWEY DECIMAL CLASSIFICATION NUMBER
Classification number 299/.21
Edition number 22
245 00 - TITLE STATEMENT
Title Myths from Mesopotamia :
Remainder of title creation, the flood, Gilgamesh, and others /
Statement of responsibility, etc. edited and translated with an introduction and notes by Stephanie Dalley.
250 ## - EDITION STATEMENT
Edition statement Rev. ed.
260 ## - PUBLICATION, DISTRIBUTION, ETC. (IMPRINT)
Place of publication, distribution, etc. Oxford ;
-- New York :
Name of publisher, distributor, etc. Oxford University Press,
Date of publication, distribution, etc. 2000.
300 ## - PHYSICAL DESCRIPTION
Extent xix, 339 p. :
Other physical details ill., map ;
Dimensions 20 cm.
490 1# - SERIES STATEMENT
Series statement Oxford world's classics
504 ## - BIBLIOGRAPHY, ETC. NOTE
Bibliography, etc Includes bibliographical references (p. [332]-337).
546 ## - LANGUAGE NOTE
Language note Translated from Akkadian texts.
650 #0 - SUBJECT ADDED ENTRY--TOPICAL TERM
Topical term or geographic name as entry element Mythology, Assyro-Babylonian.
700 1# - ADDED ENTRY--PERSONAL NAME
Personal name Dalley, Stephanie.
830 #0 - SERIES ADDED ENTRY--UNIFORM TITLE
Uniform title Oxford world's classics (Oxford University Press)
856 42 - ELECTRONIC LOCATION AND ACCESS
Materials specified Publisher description
Uniform Resource Identifier <a href="http://www.loc.gov/catdir/enhancements/fy0626/2005280227-d.html">http://www.loc.gov/catdir/enhancements/fy0626/2005280227-d.html</a>
906 ## - LOCAL DATA ELEMENT F, LDF (RLIN)
a 7
b cbc
c origcop
d 2
e ncip
f 20
g y-gencatlg
942 ## - ADDED ENTRY ELEMENTS (KOHA)
Source of classification or shelving scheme Library of Congress Classification
Koha item type L

No items available.

© 2016 Maasai Mara University.